Monstruología de Chile
Saved in:
| Hovedforfatter: | |
|---|---|
| Format: | Bog |
| Sprog: | spansk |
| Udgivet: |
Valparaíso
Correo de la Poesía
2002
|
| Udgivelse: | 2a. ed |
| Fag: | |
| Tags: |
Tilføj Tag
Ingen Tags, Vær først til at tagge denne postø!
|
MARC
| LEADER | 00000nam a2200000 a 4500 | ||
|---|---|---|---|
| 001 | UCM6336 | ||
| 003 | CL-VaPUC | ||
| 008 | 021108e20020000CL |||||||||||||||||spa|d | ||
| 082 | 0 | 4 | |a 398.21 |b LAR |2 21 |
| 100 | |a Larrahona Kästen, Alfonso |e author |9 461718 | ||
| 245 | 1 | 0 | |a Monstruología de Chile |
| 250 | |a 2a. ed | ||
| 300 | |a 99 p | ||
| 942 | |c BK | ||
| 945 | |d 20021108 00:00:00 |a vberengu | ||
| 260 | |a Valparaíso |b Correo de la Poesía |c 2002 | ||
| 500 | |a El alicanto | ||
| 500 | |a Los Aku-Aku | ||
| 500 | |a El basilisco | ||
| 500 | |a El caballo marino | ||
| 500 | |a El caicaivilu | ||
| 500 | |a La calchona | ||
| 500 | |a El camahueto | ||
| 500 | |a El carbunclo | ||
| 500 | |a El carcancho | ||
| 500 | |a El colocolo | ||
| 500 | |a El cuhivilo | ||
| 500 | |a El culebrón | ||
| 500 | |a El culebrón peludo | ||
| 500 | |a La cuñeima | ||
| 500 | |a El chinifilu | ||
| 500 | |a El chivato del puerto | ||
| 500 | |a El chonchón o Tué-Tué | ||
| 500 | |a El chuviño | ||
| 500 | |a La fiura | ||
| 500 | |a El gato-colo | ||
| 500 | |a El habshi | ||
| 500 | |a El huallepen o guallipen | ||
| 500 | |a El hueñanca | ||
| 500 | |a El insecto reloj | ||
| 500 | |a El invunche | ||
| 500 | |a El kawtcho | ||
| 500 | |a El lampalagua | ||
| 500 | |a La lola | ||
| 500 | |a El lluhay | ||
| 500 | |a El machucho | ||
| 500 | |a El millalobo | ||
| 500 | |a El monstruo de la Isla Gabler | ||
| 500 | |a El monstruo de la Isla Hoste | ||
| 500 | |a El monstruo del lago Vichuquen | ||
| 500 | |a La mujer larga | ||
| 500 | |a El peucho | ||
| 500 | |a El pihuchen | ||
| 500 | |a El pillán | ||
| 500 | |a El pincoy | ||
| 500 | |a La pincoya | ||
| 500 | |a El puyo o carnero puyo | ||
| 500 | |a El quetronamun | ||
| 500 | |a El ruende | ||
| 500 | |a El sapo fuerzo | ||
| 500 | |a El shompalhue | ||
| 500 | |a La sirena | ||
| 500 | |a La sirena del mañi | ||
| 500 | |a El tangata-manu | ||
| 500 | |a El tatane | ||
| 500 | |a La tentenvilu | ||
| 500 | |a El trauco, huelli o pompom del monte | ||
| 500 | |a El trelque, manta o cuero | ||
| 500 | |a La vaca marina | ||
| 500 | |a La viuda | ||
| 500 | |a La voladora | ||
| 650 | 0 | |a Mitos y leyendas |9 409902 | |
| 650 | 0 | |a Folklore chileno |9 265536 | |
| 650 | 0 | |a Leyendas chilenas |9 310059 | |
| 651 | 7 | |a CHILE |2 CL-VaPUC |9 472116 | |
| 583 | |a last modification |c 20021108 00:00:00 |k Rodrigo Vera | ||
| 999 | |c 301747 |d 301745 | ||